Droit commercial (Record no. 151776)

MARC details
000 -LEADER
campo de control de longitud fija 00784nam a22001815i 4500
001 - NÚMERO DE CONTROL
campo de control 151776
003 - IDENTIFICADOR DE NÚMERO DE CONTROL
campo de control ES-MaACL
005 - FECHA Y HORA DE LA ÚLTIMA TRANSACCIÓN
campo de control 20250809031526.0
008 - DATOS DE LONGITUD FIJA--INFORMACIÓN GENERAL
campo de control de longitud fija 991028s1864 fr l |||| | fre d
040 ## - FUENTE DE CATALOGACIÓN
Centro catalogador/agencia de origen M-RAJU
Lengua de catalogación spa
Centro/agencia transcriptor M-RAJU
Centro/agencia modificador CCPB | B
100 1# - ENTRADA PRINCIPAL--NOMBRE DE PERSONA
Nombre de persona Bédarride, J.
9 (RLIN) 126256
245 10 - MENCIÓN DEL TÍTULO
Título Droit commercial
Resto del título : commentaire du code de commerce : livre IV de la juridiction commerciale /
Mención de responsabilidad, etc. par J. Bédarride.
260 ## - PUBLICACIÓN, DISTRIBUCIÓN, ETC.
Lugar de publicación, distribución, etc. Paris :
Nombre del editor, distribuidor, etc. Auguste Durand ;
Lugar de publicación, distribución, etc. Aix :
Nombre del editor, distribuidor, etc. Remondet-Aubin,
Fecha de publicación, distribución, etc. 1864.
300 ## - DESCRIPCIÓN FÍSICA
Extensión 501 p. ;
Dimensiones 23 cm.
650 #7 - PUNTO DE ACCESO ADICIONAL DE MATERIA--TÉRMINO DE MATERIA
Término de materia o nombre geográfico como elemento de entrada Derecho mercantil
Fuente del encabezamiento o término embne
9 (RLIN) 135891
852 ## - LOCALIZACIÓN
Ubicación ES-MaACL
Número de control de estantería G-14187
Nota libre -- Enc. hol.
Encuadernación -- Edic.: El tit. es: "De la juridiction commerciale / par J. Bédarride" -- La serie es: (Droit commercial. Commentaire du Code de Commerce)
Holdings
Estatus retirado Estado de pérdida Estado de daño No para préstamo Colección Biblioteca de origen Biblioteca actual Ubicación en estantería Fecha de adquisición Fuente de adquisición Total de préstamos Signatura topográfica completa Código de barras Visto por última vez Precio de reemplazo Tipo de ítem Koha
        Libros del s. XIX Biblioteca del Ateneo de Madrid Biblioteca del Ateneo de Madrid Sala Pecera Planta 3 17/01/2008     G-14187 1158405 23/02/2023 23/02/2023 Libro impreso antiguo